000
00277nam a2200109Ia 4500
008
190216s9999||||xx |||||||||||||| ||und||
100
_a
Upendranath Ashik
245
0
_a
Hindi-Pathar Al Pathar
260
_b
Sahithya Pravarthaka Sahakarana Sangam
650
_a
Hindi
942
_c
BK
999
_c
15474
_d
15474